000 01279nam a2200301 i 4500
003 DO-SdBNP
005 20230808122711.0
007 ta
008 220202e2004 dr ao||gr|||| 00| 0 spa d
040 _aDO-SdBNP
_bspa
_cBNPHU
_erda
082 4 _222
_bP221q
_axxxx
245 1 0 _aPara que conste en acta:
_bla gestión Colombo 2002 - 2004 /
_cRecopilación de Nóbel Alfonso, Fotografía, Jeannette Paulino
264 1 _aSanto Domingo :
_bCERTV,
_c2004.
300 _a152 páginas
_bilustraciones, fotografías.
_c27 cm.
336 _2rdacontent
_atexto
_btxt
337 _2rdamedia
_avolumen
_bn
338 _2rdacarrier
_avolumen
_bnc
500 _aMemoria Alfa de 700 días: de Radiotelevisión Dominicana a la Corporación Estatal de Radio y Televisión.
590 _aInventariado 2022 / MF
650 _964881
_aGestión Pública
_xMemorias e informes
_zRepública Dominicana
650 4 _926388
_aRadiodifusión
_zRepública Dominicana
650 4 _92941
_aTelevisión Estatal
_xMemorias e informes
_zRepública Dominicana
700 1 _974420
_aAlfonso Tejada, Nobel Antonio,
_d1942-
_qcomp.
700 1 _aPaulino, Jeannette
_efotogr.
_981102
710 2 _aCorporación Estatal de Radio y Televisión (CERTV, República Dominicana)
_981097
910 _aMFeliz
942 _2ddc
_cLBS1
999 _c51306
_d51306